| 000 | 01010nam a2200241 a 4500 | ||
|---|---|---|---|
| 001 | 65885 | ||
| 003 | BD-RjUL | ||
| 005 | 20211209081458.0 | ||
| 008 | 170313s1982 ne a b 100 0 eng | ||
| 020 | _a0444864237 | ||
| 035 | _a(BD-RjUL)66015 | ||
| 040 |
_aDLC _cDLC _dBD-RjUL _beng |
||
| 041 | _aeng | ||
| 082 | 0 | 0 |
_a001.302854 _223 _bCOM 1982 |
| 245 | 0 | 0 |
_aComputing in the humanities : _bpapers from the Fifth International Conference on Computing in the Humanities, Ann Arbor, Michigan, May 1981 / _cedited by Richard W. Bailey. |
| 260 |
_aAmsterdam ; _aNew York : _bNorth-Holland Pub. Co. ; _aNew York, N.Y. : _bSole distributors for the U.S.A. and Canada, Elsevier Science Pub. Co., _c1982. |
||
| 300 |
_aviii, 191 p. : _bill. ; _c23 cm. |
||
| 504 | _aIncludes bibliographies. | ||
| 650 | 0 |
_aDigital humanities _vCongresses. _9194831 |
|
| 700 | 1 |
_aBailey, Richard W. _9194832 |
|
| 711 |
_aInternational Conference on Computing in the Humanities _cAnn Arbor, Mich.) _d(5th : 1981 : _9194836 |
||
| 942 |
_2ddc _cBK |
||
| 999 |
_c65885 _d65885 |
||